Normale Ansicht
MARC-Ansicht
Eintrag Personenname
001 - Kontrollnummer
- Kontrollfeld: 59420
003 - Kontrollnummer Identifier
- Kontrollfeld: RU-10907106
005 - Datum und Zeit der letzten Transaktion
- Kontrollfeld: 20231228150714.0
008 - Datenelemente mit fester Länge
- Kontrollfeld mit fester Länge: 231228|| aca||aabn | a|a d
040 ## - Katalogisierungsquelle
- Original-Katalogisierungsstelle: RU-10907106
- Übertragungsstelle: RU-10907106
100 ## - Ansetzung - Personenname
- Personenname: Fonkič, B. L
670 ## - Datenquelle
- Quellenangabe: Work cat.: (RU-10907106)69902: Lichudovskie čtenija Velikij Nowgorod 58590 aut 1998.05.11-14 VerfasserIn, Lichudovskie čtenija